STN EN 60745-2-12/A1: 2009 [neplatná] (36 1550) Elektrické ručné náradie. Bezpečnosť Časť 2-12 Osobitné požiadavky na vibrátory betónových zmesí. Zmena A1
Táto zmena A1 STN EN 60745-2-12: 2004 je slovenskou verziou európskej normy EN 60745-2-12: 2003/A1: 2009. Preklad zabezpečil Slovenský ústav technickej normalizácie. Má rovnaké postavenie ako majú oficiálne verzie
| Ďalší autori: | |
|---|---|
| Médium: | Kniha |
| Jazyk: | slovenčina angličtina |
| Fyzický popis: | 8 s. 30 cm |
| Vydavateľské údaje: |
Bratislava
Slovenský ústav technickej normalizácie
2009
|
| Predmet: |
MARC
| LEADER | 00000nam a2200000 a 4500 | ||
|---|---|---|---|
| 001 | vtls010000313 | ||
| 003 | SK-MaSNL | ||
| 005 | 20260301083326.0 | ||
| 008 | 160627s2009 xo a f u 000 0 slo | ||
| 015 | |a SNBN2011/03-02728 | ||
| 020 | |c (cen. skup. 09) | ||
| 040 | |a SNK |b slo |c SNK |e AACR2 | ||
| 041 | 1 | |a slo |h eng | |
| 044 | |a xo |c SK | ||
| 046 | |a s |m 200911 (účin.) | ||
| 072 | 7 | |a 621 |x Strojárstvo |2 konspekt | |
| 080 | |a 621.7 |2 2001 | ||
| 080 | |a 666.97.033.16 |2 2001 | ||
| 080 | |a 006.7/.8 |2 2001 | ||
| 080 | |a (437.6) |2 2001 | ||
| 080 | |a (4) |2 2001 | ||
| 084 | |a 25.140.20 |2 ICS | ||
| 130 | 0 | |a STN 36 1550 [neplatná] (STN EN 60745-2-12/A1) |9 410014 | |
| 245 | 1 | 0 | |a STN EN 60745-2-12/A1: 2009 [neplatná] (36 1550) Elektrické ručné náradie. Bezpečnosť |n Časť 2-12 |p Osobitné požiadavky na vibrátory betónových zmesí. Zmena A1 |c spracovateľ Iveta Vámošiová |
| 246 | 1 | 0 | |a Elektrické ručné náradie. Bezpečnosť. Časť 2-12 |
| 246 | 1 | 0 | |a Osobitné požiadavky na vibrátory betónových zmesí |
| 246 | 3 | 0 | |a EN 60745-2-12: 2003/A1: 2009 E |
| 260 | |a Bratislava |b Slovenský ústav technickej normalizácie |c 2009 | ||
| 300 | |a 8 s. |c 30 cm | ||
| 520 | 8 | |a Táto zmena A1 STN EN 60745-2-12: 2004 je slovenskou verziou európskej normy EN 60745-2-12: 2003/A1: 2009. Preklad zabezpečil Slovenský ústav technickej normalizácie. Má rovnaké postavenie ako majú oficiálne verzie | |
| 540 | |a STN vydané na akomkoľvek nosiči sa môžu rozmnožovať a rozširovať iba so súhlasom určenej právnickej osoby |b SÚTN Bratislava |c zákon 264/1999 Z.z. | ||
| 650 | 0 | 7 | |a elektrické náradie |2 SVKBBPH |9 410015 |
| 650 | 0 | 7 | |a vibrovaný betón |2 SVKBBPH |9 410016 |
| 650 | 0 | 7 | |a technické normy a štandardy |z Slovensko |2 SVKBBPH |9 79594 |
| 650 | 0 | 7 | |a technické normy a štandardy |z krajiny Európskej únie |2 SVKBBPH |9 289341 |
| 655 | 7 | |a normy |2 SVKBBPH |9 70643 | |
| 700 | 1 | |a Vámošiová, Iveta |4 trl |9 86865 | |
| 710 | 2 | |a Slovenský ústav technickej normalizácie (Bratislava, Slovensko) |b TK 10 Elektrické spotrebiče pre domácnosť a elektrické ručné náradie |4 stn |9 321379 | |
| 774 | 1 | 8 | |t STN EN 60745-2-12: 2004 |d Bratislava: Slovenský ústav technickej normalizácie, 2004 |w vtls009834081 |
| 958 | |a OP | ||
| 999 | |c 660264 |d 662194 | ||
| 952 | |a SNK |b SNK |y PREZ |7 0 |p 17A0678745 |o snkSTN EN 60745-2-12/A1 |i snk2010/24730 |8 0 |0 0 |1 0 |4 0 |d 2010-11-10 |l 0 |r 2026-02-23 18:51:28 |w 2026-02-23 | ||
| 952 | |a SNK |b SNK |y PREZ |7 0 |p 17A0678746 |o snkSTN EN 60745-2-12/A1 D1 |i snk2010/24732 |8 0 |0 0 |1 0 |4 0 |d 2010-11-10 |l 0 |r 2026-02-23 18:51:29 |w 2026-02-23 | ||


